000
00325nam a2200133Ia 4500
005
20251222155111.0
008
251222s9999||||xx |||||||||||||| ||spa||
082
_a
SIQ.14
100
_a
ANNIE LAURIE V.
245
0
_a
EnfermerÃa Psiquiátrica Salud Mental
250
_a
1ra. ed.
264
_b
Manual Moderno
942
_c
LIB
999
_c
38064
_d
38064